El evangelio ante el psicoanálisis / (Record no. 57659)

MARC details
000 -LEADER
campo de control de longitud fija 00581nam a2200181 i 4500
001 - NÚMERO DE CONTROL
campo de control 57659
003 - IDENTIFICADOR DE NÚMERO DE CONTROL
campo de control ES-MaACL
005 - FECHA Y HORA DE LA ÚLTIMA TRANSACCIÓN
campo de control 20230906163622.0
007 - CAMPO FIJO DE DESCRIPCIÓN FÍSICA--INFORMACIÓN GENERAL
campo de control de longitud fija t|
008 - DATOS DE LONGITUD FIJA--INFORMACIÓN GENERAL
campo de control de longitud fija 031017s1979 sp ||||1| spa d
100 1# - ENTRADA PRINCIPAL--NOMBRE DE PERSONA
Nombre de persona Dolto, Françoise.
9 (RLIN) 45052
245 13 - MENCIÓN DEL TÍTULO
Título El evangelio ante el psicoanálisis /
Mención de responsabilidad, etc. Françoise Dolto y la colaboración de Girard Sévérin ; [lo tradujo: E. de Merlo].
260 ## - PUBLICACIÓN, DISTRIBUCIÓN, ETC.
Lugar de publicación, distribución, etc. Madrid :
Nombre del editor, distribuidor, etc. Cristiandad,
Fecha de publicación, distribución, etc. [1979]
300 ## - DESCRIPCIÓN FÍSICA
Extensión 154 p. ;
Dimensiones 18 cm.
700 1# - ENTRADA AGREGADA--NOMBRE PERSONAL
Nombre de persona Merlo, E. de.
9 (RLIN) 80581
700 1# - ENTRADA AGREGADA--NOMBRE PERSONAL
Nombre de persona Sévérin, Girard.
9 (RLIN) 105918
852 ## - LOCALIZACIÓN
Ubicación ES-MaACL
Número de control de estantería A-10075
Sublocalización o colección R.99033
Holdings
Estatus retirado Estado de pérdida Estado de daño No para préstamo Biblioteca de origen Biblioteca actual Ubicación en estantería Fecha de adquisición Fuente de adquisición Total de préstamos Signatura topográfica completa Código de barras Visto por última vez Precio de reemplazo Tipo de ítem Koha
        Biblioteca del Ateneo de Madrid Biblioteca del Ateneo de Madrid Depósito 1 17/01/2008     A-10075 1060527 23/02/2023 23/02/2023 Libro impreso